[Event "Zaragoza Province-ch Preferente"]
[Site "Zaragoza"]
[Date "2015.10.18"]
[Round "4"]
[White "Martinez Asensio, Juan Miguel"]
[Black "Dan, Teodor"]
[Result "0-1"]
[WhiteElo "2080"]
[BlackElo "1945"]
[PlyCount "90"]
[EventDate "2015.09.27"]
[EventType "swiss"]
[EventRounds "6"]
[EventCountry "ESP"]
[SourceTitle "CBM 170 Extra"]
[Source "ChessBase"]
[SourceDate "2016.02.25"]
[SourceVersion "1"]
[SourceVersionDate "2016.02.25"]
[SourceQuality "1"]

1. c4 d6 2. g3 Nf6 3. Bg2 g6 4. Nc3 Bg7 5. d3 0-0 6. Bg5 h6 7. Bd2 Nc6 8. Rb1 a5 9. a3 Bd7 10. b4 axb4 11. axb4 Qc8 12. b5 Nb8 13. Ra1 Rxa1 14. Qxa1 c6 15. Qa7 d5 16. Nf3 dxc4 17. dxc4 Be6 18. 0-0 Bxc4 19. Rc1 cxb5 20. Nxb5 Nc6 21. Qc5 Bxe2 22. Nbd4 Ne4 23. Nxc6 bxc6 24. Qe3 Bxf3 25. Bxf3 Nxd2 26. Qxd2 c5 27. Qe3 Bd4 28. Qxh6 Qf5 29. Kg2 Rb8 30. Rd1 Rb3 31. Qf4 Qxf4 32. gxf4 Rb2 33. Bd5 e6 34. Bc4 Rxf2+ 35. Kg3 Rc2 36. Bb5 Rc3+ 37. Kg2 Rc2+ 38. Kg3 Bf2+ 39. Kf3 Bh4 40. Rd7 Kf8 41. Rc7 Be7 42. Be2 Rc3+ 43. Kg2 Bd6 44. Rc8+ Kg7 45. f5 exf5 0-1

[Event "Zaragoza Province-ch Preferente"]
[Site "Zaragoza"]
[Date "2015.09.27"]
[Round "1"]
[White "Palomar Ramon, Santiago"]
[Black "Martinez Asensio, Juan Miguel"]
[Result "1-0"]
[WhiteElo "1957"]
[BlackElo "2080"]
[PlyCount "97"]
[EventDate "2015.09.27"]
[EventType "swiss"]
[EventRounds "6"]
[EventCountry "ESP"]
[SourceTitle "CBM 170 Extra"]
[Source "ChessBase"]
[SourceDate "2016.02.25"]
[SourceVersion "1"]
[SourceVersionDate "2016.02.25"]
[SourceQuality "1"]

1. e4 c5 2. Nf3 g6 3. d4 cxd4 4. Nxd4 Nc6 5. Nc3 Bg7 6. Be3 Nf6 7. Qd2 Ng4 8. Nxc6 bxc6 9. Bd4 Bxd4 10. Qxd4 e5 11. Qd6 Qe7 12. Qxe7+ Kxe7 13. Be2 Nf6 14. Rd1 Rb8 15. b3 Rb4 16. a3 Rd4 17. 0-0 Rxd1 18. Rxd1 d6 19. h3 Be6 20. Bf3 Rd8 21. Na4 Nd7 22. Kf1 Nb6 23. Nxb6 axb6 24. a4 Ra8 25. Ra1 c5 26. Be2 f5 27. f3 fxe4 28. fxe4 g5 29. Bb5 h5 30. Bc6 Rc8 31. Bd5 h4 32. Ke2 Bd7 33. c3 g4 34. hxg4 Bxg4+ 35. Ke3 Be6 36. Rh1 Bxd5 37. exd5 Rg8 38. Rxh4 Rg3+ 39. Ke4 Rxc3 40. Kf5 Rxb3 41. Rh7+ Kd8 42. Ke6 Rg3 43. Kxd6 Rg6+ 44. Kxe5 Rg5+ 45. Ke6 Rg6+ 46. Kf5 Rxg2 47. Rb7 Ra2 48. d6 Rxa4 49. Ke6 1-0

[Event "Aragon-chT Honor GrA"]
[Site "Aragon"]
[Date "2015.03.07"]
[Round "7.8"]
[White "Martinez Asensio, Juan Miguel"]
[Black "Barcena Laguia, Francisco"]
[Result "0-1"]
[WhiteElo "2069"]
[BlackElo "1921"]
[PlyCount "88"]
[EventDate "2015.01.24"]
[EventType "team-tourn"]
[EventRounds "7"]
[EventCountry "ESP"]
[SourceTitle "EXT 2017"]
[Source "ChessBase"]
[SourceDate "2016.10.25"]
[SourceVersion "1"]
[SourceVersionDate "2016.10.25"]
[SourceQuality "1"]
[WhiteTeam "Agrupacion"]
[BlackTeam "Teruel"]
[WhiteTeamCountry "ESP"]
[BlackTeamCountry "ESP"]

1. e4 c5 2. Nc3 Nc6 3. g3 g6 4. Bg2 Bg7 5. d3 d6 6. Be3 e5 7. Qd2 Nge7 8. Nge2 0-0 9. 0-0 f5 10. exf5 Nxf5 11. Bg5 Bf6 12. h4 Nfd4 13. Nxd4 Nxd4 14. Nd5 Bxg5 15. hxg5 Bh3 16. f4 Bxg2 17. Qxg2 Nf5 18. g4 Nd4 19. Nf6+ Rxf6 20. gxf6 Qxf6 21. fxe5 Qxe5 22. Rae1 Qg5 23. c3 Nc6 24. Re2 Rf8 25. Rxf8+ Kxf8 26. Qf3+ Kg7 27. Rf2 Qe7 28. Qf4 Nd8 29. d4 Nf7 30. dxc5 dxc5 31. Kg2 b6 32. Qf3 Ng5 33. Qd5 h6 34. Rd2 Nf7 35. Rf2 Ng5 36. Qc6 Nf7 37. Rd2 Qg5 38. Qd7 h5 39. Rd5 Qf4 40. gxh5 gxh5 41. Rf5 Qg4+ 42. Kf2 Qg6 43. Rf3 h4 44. Rf4 Qg3+ 0-1

[Event "Aragon-chT Preferente B"]
[Site "Aragon"]
[Date "2015.02.21"]
[Round "5.62"]
[White "Martinez Asensio, Juan Miguel"]
[Black "Cabrera Moreno, Daniel"]
[Result "1-0"]
[WhiteElo "2069"]
[BlackElo "2178"]
[PlyCount "97"]
[EventDate "2015.01.24"]
[EventType "team-tourn"]
[EventRounds "9"]
[EventCountry "ESP"]
[SourceTitle "EXT 2017"]
[Source "ChessBase"]
[SourceDate "2016.10.25"]
[SourceVersion "1"]
[SourceVersionDate "2016.10.25"]
[SourceQuality "1"]
[WhiteTeam "Agrupacion II"]
[BlackTeam "La Aurora Estadilla II"]
[WhiteTeamCountry "ESP"]
[BlackTeamCountry "ESP"]

1. c4 Nf6 2. g3 c5 3. Bg2 d5 4. cxd5 Nxd5 5. Nc3 Nc7 6. Nf3 Nc6 7. 0-0 e5 8. Ne1 h5 9. Nd3 h4 10. Bxc6+ bxc6 11. Qa4 hxg3 12. fxg3 Qd4+ 13. Rf2 Bd7 14. b3 Nd5 15. Qxd4 exd4 16. Ne4 Rh5 17. Nexc5 Bxc5 18. Nxc5 Nf4 19. Rxf4 Rxc5 20. Rxd4 0-0-0 21. Bb2 g6 22. Bc3 Be6 23. Rxd8+ Kxd8 24. Rf1 Rf5 25. Rxf5 Bxf5 26. Kf2 Bb1 27. a3 Ba2 28. b4 Kd7 29. Ke3 Bc4 30. d3 Bb3 31. g4 Ke6 32. h4 a6 33. h5 gxh5 34. gxh5 Kf5 35. Bg7 Bd1 36. Kd2 Ba4 37. Kc3 Kg5 38. h6 Kg6 39. e4 Bd1 40. Kd4 Bc2 41. Ke3 Bd1 42. d4 Bb3 43. Kf4 Bc2 44. d5 cxd5 45. exd5 f5 46. Ke5 Ba4 47. Kd6 f4 48. Kc7 f3 49. Bd4 1-0

[Event "Aragon-chT Honor Descenso"]
[Site "Aragon"]
[Date "2014.03.29"]
[Round "10.28"]
[White "Martinez Asensio, Juan Miguel"]
[Black "Garcia Monterde, Francisco Jose"]
[Result "1-0"]
[WhiteElo "2095"]
[BlackElo "1986"]
[PlyCount "101"]
[EventDate "2014.01.25"]
[EventType "team-tourn"]
[EventRounds "11"]
[EventCountry "ESP"]
[SourceTitle "EXT 2015"]
[Source "ChessBase"]
[SourceDate "2014.11.20"]
[SourceVersion "1"]
[SourceVersionDate "2014.11.20"]
[SourceQuality "1"]
[WhiteTeam "Agrupacion"]
[BlackTeam "IberCaja"]
[WhiteTeamCountry "ESP"]
[BlackTeamCountry "ESP"]

1. c4 e5 2. g3 Nf6 3. Bg2 d5 4. cxd5 Nxd5 5. Nf3 Nc6 6. 0-0 Nb6 7. d3 Be7 8. a3 a5 9. b3 Be6 10. Nbd2 f6 11. Bb2 0-0 12. Qc2 Qd7 13. Rfe1 Rfd8 14. Rad1 Bf8 15. Nc4 Nxc4 16. bxc4 Qf7 17. Rb1 Rab8 18. Bc1 Bc5 19. Rf1 Qe7 20. Qa4 Qd6 21. Bb2 Qd7 22. Qb5 Bf8 23. Nd2 Kh8 24. Nb3 a4 25. Nc5 Bxc5 26. Qxc5 Ne7 27. Bc3 c6 28. f4 exf4 29. Rxf4 Ng6 30. Rd4 Qc7 31. Ba5 b6 32. Rxb6 Rxd4 33. Qxd4 Ne5 34. Rxb8+ Qxb8 35. Qd8+ Qxd8 36. Bxd8 Kg8 37. Bc7 Bd7 38. Bxe5 fxe5 39. c5 Kf7 40. Kf2 g5 41. e3 h5 42. d4 Ke6 43. Bh3+ g4 44. Bg2 Be8 45. Ke2 exd4 46. exd4 Kd7 47. Be4 Bf7 48. Bc2 Bb3 49. Bxb3 axb3 50. Kd2 Ke6 51. a4 1-0

[Event "Aragon-chT Honor GrB"]
[Site "Aragon"]
[Date "2014.03.08"]
[Round "7.30"]
[White "Martinez Asensio, Juan Miguel"]
[Black "Roche Simon, Manuel Angel"]
[Result "0-1"]
[WhiteElo "2095"]
[BlackElo "2142"]
[PlyCount "96"]
[EventDate "2014.01.25"]
[EventType "team-tourn"]
[EventRounds "7"]
[EventCountry "ESP"]
[SourceTitle "EXT 2015"]
[Source "ChessBase"]
[SourceDate "2014.11.20"]
[SourceVersion "1"]
[SourceVersionDate "2014.11.20"]
[SourceQuality "1"]
[WhiteTeam "Agrupacion"]
[BlackTeam "Delicias"]
[WhiteTeamCountry "ESP"]
[BlackTeamCountry "ESP"]

1. c4 e5 2. g3 Nc6 3. Bg2 g6 4. Nc3 Bg7 5. e4 d6 6. Nge2 h5 7. h4 Be6 8. d3 Qd7 9. Bg5 f6 10. Be3 Nh6 11. Nd5 Ng4 12. Bd2 Nd4 13. Nxd4 exd4 14. Bh3 Bxd5 15. cxd5 f5 16. 0-0 0-0 17. Rc1 c5 18. dxc6 bxc6 19. exf5 gxf5 20. Bg2 d5 21. Bf4 Rac8 22. Re1 Rfe8 23. Rc2 Rxe1+ 24. Qxe1 c5 25. Re2 Kf7 26. Qa5 Nf6 27. Bg5 Kg6 28. Qe1 c4 29. Re7 Qc6 30. Rxa7 Re8 31. Re7 Rxe7 32. Qxe7 c3 33. Qe2 c2 34. Bc1 Ne4 35. dxe4 dxe4 36. Qd2 Kf7 37. Qg5 Qg6 38. Kf1 d3 39. Qxg6+ Kxg6 40. Ke1 Bd4 41. Bf1 Kf6 42. f3 Bc5 43. a3 Ke5 44. fxe4 fxe4 45. Bh3 Kd4 46. g4 e3 47. gxh5 Bd6 48. Bf5 Bg3+ 0-1

[Event "Aragon-chT Preferente B"]
[Site "Aragon"]
[Date "2012.03.10"]
[Round "6.71"]
[White "Ruiz Gutierrez, Jose Manuel"]
[Black "Martinez Asensio, Juan Miguel"]
[Result "1-0"]
[WhiteElo "1863"]
[BlackElo "2116"]
[PlyCount "101"]
[EventDate "2012.02.04"]
[EventType "team"]
[EventRounds "9"]
[EventCountry "ESP"]
[SourceTitle "EXT 2014"]
[Source "ChessBase"]
[SourceDate "2013.11.20"]
[SourceVersion "1"]
[SourceVersionDate "2013.11.20"]
[SourceQuality "1"]
[WhiteTeam "El Soto"]
[BlackTeam "Agrupacion II"]
[WhiteTeamCountry "ESP"]
[BlackTeamCountry "ESP"]

1. c4 c5 2. Nc3 g6 3. Nf3 Bg7 4. d4 cxd4 5. Nxd4 Nc6 6. Nc2 Nf6 7. e4 0-0 8. Be2 b6 9. Rb1 Bb7 10. f3 Rc8 11. 0-0 Ne5 12. b3 d6 13. Bb2 Re8 14. Ne3 Qc7 15. Kh1 Qb8 16. Ned5 Nfd7 17. Qd2 a6 18. Rbd1 Ba8 19. f4 Nc6 20. Bg4 Rcd8 21. Ne2 b5 22. Bxg7 Kxg7 23. cxb5 axb5 24. Nd4 Kg8 25. Nxb5 Qxb5 26. Nc7 Qb8 27. Nxe8 Nf8 28. Nxd6 Rxd6 29. Qc3 Ne6 30. Bxe6 Rxe6 31. e5 Nb4 32. Rd4 Rb6 33. Rfd1 Qb7 34. Qb2 e6 35. h4 h5 36. Rd7 Qe4 37. R7d4 Qb7 38. Rd7 Qa6 39. Qd4 Nd5 40. Qc4 Kg7 41. Qc5 Rc6 42. Qa7 Qxa7 43. Rxa7 Rc8 44. Rd4 Nb6 45. Kh2 Bd5 46. Rb4 Na8 47. a4 Rc2 48. Rb8 Rxg2+ 49. Kh3 Nc7 50. Rxc7 Rd2 51. Rc3 1-0

[Event "Aragon-chT Preferente B"]
[Site "Aragon"]
[Date "2012.02.11"]
[Round "2.62"]
[White "Martinez Asensio, Juan Miguel"]
[Black "Calvo Mayayo, Jose Maria"]
[Result "1/2-1/2"]
[WhiteElo "2116"]
[BlackElo "1931"]
[PlyCount "64"]
[EventDate "2012.02.04"]
[EventType "team"]
[EventRounds "9"]
[EventCountry "ESP"]
[SourceTitle "EXT 2014"]
[Source "ChessBase"]
[SourceDate "2013.11.20"]
[SourceVersion "1"]
[SourceVersionDate "2013.11.20"]
[SourceQuality "1"]
[WhiteTeam "Agrupacion II"]
[BlackTeam "St Casablanca IV"]
[WhiteTeamCountry "ESP"]
[BlackTeamCountry "ESP"]

1. c4 e5 2. g3 g6 3. Bg2 Bg7 4. Nc3 Nc6 5. e4 Nge7 6. Nge2 0-0 7. 0-0 d6 8. d3 Be6 9. Nd5 Qd7 10. Bg5 f6 11. Be3 Rf7 12. Qd2 Raf8 13. Rae1 f5 14. f3 a6 15. b3 Nc8 16. exf5 Bxf5 17. d4 Bh3 18. dxe5 Bxg2 19. Kxg2 dxe5 20. Nec3 Nd6 21. Bc5 Nd4 22. f4 Ne6 23. Bxd6 cxd6 24. fxe5 Rxf1 25. Rxf1 Rxf1 26. Kxf1 Bxe5 27. Ne4 Qf7+ 28. Qf2 Qxf2+ 29. Kxf2 Kf7 30. Ke3 h6 31. h3 Nd4 32. g4 Ne6 1/2-1/2

[Event "Aragon-chT Preferente-B"]
[Site "Spain"]
[Date "2011.03.19"]
[Round "7.1"]
[White "De la Riva Fernandez, Eduardo"]
[Black "Martinez Asensio, Juan Miguel"]
[Result "1/2-1/2"]
[WhiteElo "1995"]
[BlackElo "2144"]
[PlyCount "110"]
[EventDate "2011.02.05"]
[EventType "team-tourn"]
[EventRounds "9"]
[EventCountry "ESP"]
[SourceTitle "EXT 2013"]
[Source "ChessBase"]
[SourceDate "2012.11.22"]
[SourceVersion "1"]
[SourceVersionDate "2012.11.22"]
[SourceQuality "1"]
[WhiteTeam "Olivar III"]
[BlackTeam "Agrupacion II"]
[WhiteTeamCountry "ESP"]
[BlackTeamCountry "ESP"]

1. e4 c5 2. Nf3 g6 3. c4 Nc6 4. d4 cxd4 5. Nxd4 Nf6 6. Nc3 d6 7. Be2 Nxd4 8. Qxd4 Bg7 9. Be3 0-0 10. Qd2 Qa5 11. f3 Be6 12. 0-0 Rfc8 13. Nd5 Qxd2 14. Bxd2 Nxd5 15. exd5 Bd4+ 16. Kh1 Bf5 17. g4 Bd7 18. Rac1 e6 19. Bb4 exd5 20. Rcd1 Be5 21. f4 Bxb2 22. Rd2 Bf6 23. cxd5 Bc3 24. Bxc3 Rxc3 25. Rb1 b6 26. Kg2 Re8 27. Rf1 f6 28. Rf3 Rxf3 29. Kxf3 Kf7 30. Ba6 g5 31. Rc2 Ba4 32. Rc3 Re1 33. Rc7+ Re7 34. Rc3 Bd1+ 35. Kg3 Be2 36. Bc8 gxf4+ 37. Kxf4 Bb5 38. Be6+ Kg7 39. h4 Be8 40. h5 Bf7 41. Kf5 Be8 42. h6+ Kf8 43. Kxf6 Bg6 44. Rc6 b5 45. Rxd6 b4 46. Rd8+ Re8 47. Rxe8+ Kxe8 48. d6 a5 49. Ke5 a4 50. Kd4 Bc2 51. Bf5 Bxf5 52. gxf5 Kd7 53. Kc4 b3 54. axb3 axb3 55. Kxb3 Kxd6 1/2-1/2

[Event "Aragon-chT Preferente-B"]
[Site "Spain"]
[Date "2011.03.12"]
[Round "6.1"]
[White "Martinez Asensio, Juan Miguel"]
[Black "Bach Guillamon, Francisco"]
[Result "1-0"]
[WhiteElo "2144"]
[BlackElo "2021"]
[PlyCount "75"]
[EventDate "2011.02.05"]
[EventType "team-tourn"]
[EventRounds "9"]
[EventCountry "ESP"]
[SourceTitle "EXT 2013"]
[Source "ChessBase"]
[SourceDate "2012.11.22"]
[SourceVersion "1"]
[SourceVersionDate "2012.11.22"]
[SourceQuality "1"]
[WhiteTeam "Agrupacion II"]
[BlackTeam "Ramiro II"]
[WhiteTeamCountry "ESP"]
[BlackTeamCountry "ESP"]

1. c4 Nf6 2. g3 e6 3. Bg2 d5 4. Nf3 c6 5. 0-0 Be7 6. b3 Nbd7 7. Bb2 0-0 8. d3 b6 9. Nbd2 Bb7 10. Qc2 c5 11. Rad1 Qc7 12. cxd5 Nxd5 13. a3 Bf6 14. Rc1 Rac8 15. Bxf6 N5xf6 16. b4 Qb8 17. b5 Ne5 18. Nxe5 Bxg2 19. Kxg2 Qxe5 20. Nf3 Qd5 21. Qc4 Rfd8 22. Rc2 Qb7 23. Kg1 h6 24. a4 Rc7 25. Ra1 Rcd7 26. a5 Rxd3 27. exd3 Qxf3 28. axb6 axb6 29. Rca2 Rxd3 30. Ra8+ Kh7 31. Qc2 g6 32. Rb8 Nd5 33. Qb2 Nc3 34. Re1 e5 35. Rxb6 e4 36. Rb8 e3 37. fxe3 Rd1 38. Qxc3 1-0

[Event "Aragon-chT Preferente-B"]
[Site "Spain"]
[Date "2011.03.05"]
[Round "5.2"]
[White "Martinez Asensio, Juan Miguel"]
[Black "Gella Bitrian, Diego"]
[Result "0-1"]
[WhiteElo "2144"]
[BlackElo "1973"]
[PlyCount "86"]
[EventDate "2011.02.05"]
[EventType "team-tourn"]
[EventRounds "9"]
[EventCountry "ESP"]
[SourceTitle "EXT 2013"]
[Source "ChessBase"]
[SourceDate "2012.11.22"]
[SourceVersion "1"]
[SourceVersionDate "2012.11.22"]
[SourceQuality "1"]
[WhiteTeam "Agrupacion II"]
[BlackTeam "Atl Huesca"]
[WhiteTeamCountry "ESP"]
[BlackTeamCountry "ESP"]

1. c4 Nf6 2. g3 g6 3. Bg2 Bg7 4. Nc3 0-0 5. d3 d6 6. Bg5 h6 7. Bd2 e5 8. e4 c5 9. Nge2 Be6 10. 0-0 Nc6 11. f4 Qc8 12. Qc1 Kh7 13. f5 gxf5 14. exf5 Bxf5 15. Nd5 Nxd5 16. Rxf5 Nde7 17. Rh5 Qg4 18. Rh4 Qe6 19. Nc3 f5 20. Qd1 Nd4 21. Nd5 Nxd5 22. Bxd5 Qf6 23. Qh5 Qg6 24. Rf1 Qxh5 25. Rxh5 Rab8 26. Rf2 b5 27. Be3 Kg6 28. Rh4 bxc4 29. dxc4 e4 30. Kg2 Nf3 31. Rh3 Ne1+ 32. Kg1 Nd3 33. Rd2 Nxb2 34. g4 Rbe8 35. gxf5+ Rxf5 36. Rg3+ Kh7 37. Rxg7+ Kxg7 38. Rxb2 Re7 39. Rg2+ Kf6 40. Bxh6 Rh5 41. Bf4 e3 42. Re2 Rg7+ 43. Kf1 Rf5 0-1

[Event "Aragon-chT Preferente-B"]
[Site "Spain"]
[Date "2011.02.12"]
[Round "2.2"]
[White "Accattato Martin, Mario"]
[Black "Martinez Asensio, Juan Miguel"]
[Result "1-0"]
[WhiteElo "2144"]
[BlackElo "2144"]
[PlyCount "51"]
[EventDate "2011.02.05"]
[EventType "team-tourn"]
[EventRounds "9"]
[EventCountry "ESP"]
[SourceTitle "EXT 2013"]
[Source "ChessBase"]
[SourceDate "2012.11.22"]
[SourceVersion "1"]
[SourceVersionDate "2012.11.22"]
[SourceQuality "1"]
[WhiteTeam "Casino Jaque"]
[BlackTeam "Agrupacion II"]
[WhiteTeamCountry "ESP"]
[BlackTeamCountry "ESP"]

1. e4 c5 2. Nf3 Nc6 3. d4 cxd4 4. Nxd4 g6 5. Nc3 Bg7 6. Be3 Nf6 7. Bc4 Qa5 8. 0-0 0-0 9. Bb3 d6 10. h3 Bd7 11. f4 Nxd4 12. Bxd4 Bc6 13. Nd5 Rae8 14. Bxf6 Qc5+ 15. Kh1 Bxf6 16. f5 Bxb2 17. Rb1 Bd4 18. Qg4 Bg7 19. fxg6 hxg6 20. Nc7 Rc8 21. Bxf7+ Rxf7 22. Qxc8+ Kh7 23. Ne6 Rxf1+ 24. Rxf1 Qe5 25. Rf7 Kh6 26. Qg8 1-0

[Event "Aragon-chT Preferente"]
[Site "Spain"]
[Date "2010.02.20"]
[Round "5.45"]
[White "Salamero Pelay, Fernando"]
[Black "Martinez Asensio, Juan Miguel"]
[Result "0-1"]
[WhiteElo "2131"]
[BlackElo "2140"]
[PlyCount "83"]
[EventDate "2010.01.23"]
[EventType "team-swiss"]
[EventRounds "12"]
[EventCountry "ESP"]
[SourceTitle "EXT 2013"]
[Source "ChessBase"]
[SourceDate "2012.11.22"]
[SourceVersion "1"]
[SourceVersionDate "2012.11.22"]
[SourceQuality "1"]
[WhiteTeam "Huesca Club Atletismo"]
[BlackTeam "Teruel"]
[WhiteTeamCountry "ESP"]
[BlackTeamCountry "ESP"]

1. e4 c5 2. Nf3 g6 3. d4 cxd4 4. Qxd4 Nf6 5. e5 Nc6 6. Qa4 Nd5 7. Qe4 Ndb4 8. Bb5 Bg7 9. 0-0 0-0 10. c3 Na6 11. Re1 Nc5 12. Qh4 Ne6 13. Bh6 d6 14. Bxc6 bxc6 15. Nbd2 d5 16. Rad1 Bd7 17. Nb3 Rb8 18. Nbd4 Nxd4 19. Rxd4 e6 20. Ng5 f6 21. Bxg7 fxg5 22. Qh6 Rf5 23. b4 c5 24. bxc5 Rb2 25. Bf6 Rxf6 26. exf6 Qxf6 27. f4 g4 28. Re5 Rb8 29. Kf2 Rb2+ 30. Kg3 Rc2 31. Rb4 Rxc3+ 32. Kxg4 Rxc5 33. Rb7 Qd8 34. Qg5 Qc8 35. Rxa7 Kf7 36. Kh4 Rc7 37. Ra3 Rc4 38. Rae3 d4 39. R3e4 d3 40. Re3 Rd4 41. g4 d2 42. f5 0-1

[Event "Aragon-chT"]
[Site "Aragon"]
[Date "2009.03.28"]
[Round "9"]
[White "Martinez Asensio, Juan Miguel"]
[Black "Ramiro Ovejero, Juan Luis"]
[Result "0-1"]
[WhiteElo "2180"]
[BlackElo "2345"]
[PlyCount "66"]
[EventDate "2009.01.24"]
[EventType "team-swiss"]
[EventRounds "9"]
[EventCountry "ESP"]
[SourceTitle "EXT 2011"]
[Source "ChessBase"]
[SourceDate "2010.11.26"]
[SourceVersion "1"]
[SourceVersionDate "2010.11.26"]
[SourceQuality "1"]

1. e4 c5 2. Nf3 e6 3. d4 cxd4 4. Nxd4 Nc6 5. Nc3 Qc7 6. Ndb5 Qb8 7. Be3 a6 8. Bb6 axb5 9. Nxb5 Bb4+ 10. c3 Ba5 11. Nc7+ Qxc7 12. Bxc7 Bxc7 13. Qg4 Be5 14. Bb5 Nf6 15. Qe2 0-0 16. 0-0 Bc7 17. a4 d5 18. exd5 exd5 19. Bxc6 bxc6 20. Qe7 Bd7 21. Qe2 Rfe8 22. Qc2 Ne4 23. Ra3 Bb6 24. Raa1 Bf5 25. Qd1 Bc8 26. a5 Bc5 27. Qa4 Re6 28. a6 Rxa6 29. Qc2 Nxf2 30. h4 Nh3+ 31. Kh1 Rxa1 32. Rxa1 Nf2+ 33. Kg1 Nd1+ 0-1

[Event "Aragon-chT"]
[Site "Aragon"]
[Date "2008.04.19"]
[Round "10"]
[White "Martinez Asensio, Juan Miguel"]
[Black "Martinez Martin, David"]
[Result "0-1"]
[WhiteElo "2171"]
[BlackElo "2395"]
[PlyCount "54"]
[EventDate "2008.02.02"]
[EventType "team-swiss"]
[EventRounds "12"]
[EventCountry "ESP"]
[SourceTitle "EXT 2011"]
[Source "ChessBase"]
[SourceDate "2010.11.26"]
[SourceVersion "1"]
[SourceVersionDate "2010.11.26"]
[SourceQuality "1"]

1. d4 Nf6 2. c4 d6 3. Nf3 g6 4. Nc3 Bg7 5. e4 0-0 6. Be2 e5 7. d5 Nbd7 8. Be3 Ng4 9. Bd2 f5 10. Ng5 Ndf6 11. exf5 gxf5 12. h3 Nh6 13. g4 fxg4 14. hxg4 Nhxg4 15. Qc2 Nxf2 16. Rxh7 e4 17. Rxg7+ Kxg7 18. Be3 N6g4 19. Bxg4 Nxg4 20. Qg2 Qf6 21. Ne6+ Bxe6 22. dxe6 Qf3 23. Bd4+ Kg8 24. Qxf3 exf3 25. Nd5 f2+ 26. Ke2 Rae8 27. Nxc7 Re7 0-1

[Event "Aragon-chT"]
[Site "Aragon"]
[Date "2008.02.16"]
[Round "3"]
[White "Pellicer Cemeli, Jose Luis"]
[Black "Martinez Asensio, Juan Miguel"]
[Result "0-1"]
[WhiteElo "2073"]
[BlackElo "2171"]
[PlyCount "74"]
[EventDate "2008.02.02"]
[EventType "team-swiss"]
[EventRounds "12"]
[EventCountry "ESP"]
[SourceTitle "EXT 2011"]
[Source "ChessBase"]
[SourceDate "2010.11.26"]
[SourceVersion "1"]
[SourceVersionDate "2010.11.26"]
[SourceQuality "1"]

1. d4 Nf6 2. c4 c5 3. d5 b5 4. f3 bxc4 5. e4 d6 6. Bxc4 g6 7. Ne2 Bg7 8. 0-0 0-0 9. Nec3 Nbd7 10. a4 Rb8 11. Na3 Nb6 12. Be2 a6 13. a5 Na8 14. Nc4 Nd7 15. Qc2 Nc7 16. Be3 Nb5 17. Bd1 Nd4 18. Qf2 Ne5 19. Nxe5 Bxe5 20. Ra2 f5 21. Qd2 f4 22. Bf2 g5 23. Bxd4 Bxd4+ 24. Kh1 Rf6 25. e5 dxe5 26. Ne4 Rh6 27. Nxg5 e6 28. Nh3 exd5 29. b3 Qh4 30. Rc2 Be6 31. Be2 Kf7 32. Bxa6 Bxh3 33. gxh3 Rxa6 34. Rxc5 Qxh3 35. Rc7+ Kg8 36. Qe2 Rxa5 37. Rfc1 Rba8 0-1

[Event "Aragon-chT"]
[Site "Aragon"]
[Date "2008.02.09"]
[Round "2"]
[White "Martinez Asensio, Juan Miguel"]
[Black "Fontana Sotomayour, Luis Javier"]
[Result "0-1"]
[WhiteElo "2171"]
[BlackElo "2332"]
[PlyCount "60"]
[EventDate "2008.02.02"]
[EventType "team-swiss"]
[EventRounds "12"]
[EventCountry "ESP"]
[SourceTitle "EXT 2011"]
[Source "ChessBase"]
[SourceDate "2010.11.26"]
[SourceVersion "1"]
[SourceVersionDate "2010.11.26"]
[SourceQuality "1"]

1. d4 Nf6 2. c4 e5 3. dxe5 Ne4 4. Nd2 Bb4 5. Ngf3 Nc6 6. a3 Nxd2 7. Bxd2 Bxd2+ 8. Qxd2 Qe7 9. Qc3 b6 10. g3 Bb7 11. 0-0-0 0-0-0 12. Bh3 Rhe8 13. Rd5 Nb8 14. Rd2 Bxf3 15. Qxf3 Qxe5 16. Rhd1 c6 17. Rxd7 Rxd7 18. Rxd7 Nxd7 19. Qxc6+ Kb8 20. Bxd7 Rd8 21. e3 Qc7 22. Qxc7+ Kxc7 23. Bg4 Rd6 24. Kc2 Rh6 25. h3 Rf6 26. f4 Rg6 27. e4 f6 28. e5 fxe5 29. fxe5 Rg5 30. e6 Kd6 0-1

[Event "Aragon-chT Autonomico"]
[Site "Aragon"]
[Date "2007.04.28"]
[Round "12"]
[White "Martinez Asensio, Juan Miguel"]
[Black "Dominguez Luzon, Fernando"]
[Result "1-0"]
[WhiteElo "2160"]
[BlackElo "2105"]
[PlyCount "43"]
[EventDate "2007.01.27"]
[EventType "team-tourn"]
[EventRounds "9"]
[EventCountry "ESP"]
[SourceTitle "EXT 2008"]
[Source "ChessBase"]
[SourceDate "2007.11.25"]
[SourceVersion "1"]
[SourceVersionDate "2007.11.25"]
[SourceQuality "1"]
[WhiteTeam "Teruel Ibercaja"]
[BlackTeam "Delicias II"]
[WhiteTeamCountry "ESP"]
[BlackTeamCountry "ESP"]

1. d4 Nf6 2. c4 e6 3. Nf3 b6 4. e3 Bb7 5. Bd3 Be7 6. 0-0 0-0 7. Nc3 d5 8. cxd5 exd5 9. b3 Nbd7 10. Bb2 c5 11. Rc1 Re8 12. Ne5 Nxe5 13. dxe5 Ne4 14. Ne2 Bg5 15. Ng3 Nxg3 16. hxg3 d4 17. f4 dxe3 18. fxg5 Qxg5 19. Rc4 Rad8 20. Rg4 Qh6 21. e6 Qxe6 22. Rxg7+ 1-0

[Event "Aragon-chT Autonomico"]
[Site "Aragon"]
[Date "2007.02.17"]
[Round "4"]
[White "Martinez Asensio, Juan Miguel"]
[Black "Guzman Moneo, Alberto"]
[Result "1-0"]
[WhiteElo "2160"]
[BlackElo "2237"]
[PlyCount "115"]
[EventDate "2007.01.27"]
[EventType "team-tourn"]
[EventRounds "9"]
[EventCountry "ESP"]
[SourceTitle "EXT 2008"]
[Source "ChessBase"]
[SourceDate "2007.11.25"]
[SourceVersion "1"]
[SourceVersionDate "2007.11.25"]
[SourceQuality "1"]
[WhiteTeam "Teruel Ibercaja"]
[BlackTeam "Caissa"]
[WhiteTeamCountry "ESP"]
[BlackTeamCountry "ESP"]

1. d4 Nf6 2. c4 c5 3. d5 b5 4. Nf3 g6 5. cxb5 a6 6. b6 Bg7 7. Nc3 0-0 8. e4 d6 9. a4 Qxb6 10. Nd2 a5 11. Be2 Na6 12. 0-0 Nb4 13. Nc4 Qd8 14. Bg5 h6 15. Bh4 Ba6 16. Ne3 Nd7 17. Bxa6 Rxa6 18. f4 Bd4 19. Bf2 Nb6 20. Qe2 Qc8 21. Rac1 Ra8 22. b3 Bg7 23. Nb5 Qd7 24. Nc4 Nxc4 25. bxc4 Rab8 26. Be1 Rfe8 27. f5 g5 28. Bc3 Rec8 29. Bxg7 Kxg7 30. Rc3 f6 31. h4 Qe8 32. Rh3 Na6 33. Kf2 Qf7 34. Rfh1 Rh8 35. Ke3 Rb7 36. g4 Rbb8 37. Qh2 h5 38. hxg5 fxg5 39. Rxh5 Rxh5 40. Qxh5 Qxh5 41. Rxh5 Kf6 42. e5+ Kxe5 43. Rh6 Nc7 44. Nxc7 Rb3+ 45. Kd2 Kf4 46. f6 exf6 47. Rxf6+ Kxg4 48. Rxd6 Rb4 49. Kc3 Rxa4 50. Ne6 Ra3+ 51. Kb2 Re3 52. Nxc5 Kf5 53. Re6 Rxe6 54. Nxe6 g4 55. Nd4+ Ke5 56. Ne2 Kd6 57. Ka3 Kc5 58. Ng3 1-0